000 00515nam a2200193Ia 4500
008 200601s9999 xx 000 0 und d
020 _a0-07-146922-2
050 _aREF PE 1137
050 _b.S29 2006
245 0 _aSay it right in German /
260 _aNew York :
260 _bMcGraw-Hill.
260 _c2006
300 _a166 pages :
300 _c19 cm.
500 _aIncludes index.
650 _aGerman language -- Pronunciation by foreign speakers.
650 _xGerman language -- Spoken French.
999 _c363397
_d363397